| 000 | 01460nam0a2200337 4500 | ||
|---|---|---|---|
| 001 | RU\NLR\bibl\38565 | ||
| 005 | 20260406154115.0 | ||
| 010 |
_a5-295-02481-4 _917500 |
||
| 021 |
_aRU _b99-13865 _9669 |
||
| 035 | _a(NLR Aleph) 000037588 | ||
| 090 |
_a194050 _c194050 |
||
| 100 | _a19990715d1999 |||y0rusy50 ca | ||
| 101 | 0 | _arus | |
| 102 | _aRU | ||
| 105 | _aa j ||||| | ||
| 200 | 1 |
_aРусский язык _eУчеб. для 5 кл. башк. шк. _f[Саяхова Л.Г., Альмухаметов Р.В., Закирьянов К.З., Ишимова Р.Г.] _gПод ред. проф. Саяховой Л.Г. |
|
| 205 | _a3-е изд. | ||
| 210 |
_aУфа _cКитап _d1999 |
||
| 215 |
_a271 с., [6] л. цв. ил. _cил. _d22 |
||
| 606 | 0 |
_aРусский язык _jУчебники для средней школы _91533567 _3RU\NLR\auth\66969347 |
|
| 686 | _aШ141.12-93башк21[5] | ||
| 701 | 1 |
_4070 _8rus _7ca _aСаяхова _bЛ. Г. _f1931- _gЛена Галеевна _3RU\NLR\auth\776832 _9116779 |
|
| 701 | 1 |
_aАльмухаметов _bР. В. _gРашит Валиахметович _4070 |
|
| 701 | 1 |
_aЗакирьянов _bК. З. _gКабир Закирьянович _4070 |
|
| 701 | 1 |
_aИшимова _bР. Г. _gРоза Гакиловна _4070 |
|
| 801 | 0 |
_aRU _bNLR _c19990715 _gPSBO |
|
| 801 | 1 |
_aRU _bNLR _c19990715 |
|
| 852 |
_aNLR _j99-5/1865 |
||
| 942 | _cBOOK | ||
| 980 | _aNB | ||